| 000 | 00381nam a2200157Ia 4500 | ||
|---|---|---|---|
| 008 | 220928s9999 xx 000 0 und d | ||
| 020 | _a9788131760352 | ||
| 082 | _bKAS | ||
| 100 | _aKASHYAP, PRADEEP | ||
| 245 | 0 | _aRURAL MARKETING | |
| 250 | _a2ND | ||
| 260 |
_bPEARSON INDIA EDUCATION SERVIVE PVT. LTD., NOIDA _c2013 |
||
| 300 | _a301 | ||
| 650 | _aMarketing | ||
| 942 | _cBK | ||
| 999 |
_c207073 _d207073 |
||